Statistical information 1995.
| Corporate Author: | |
|---|---|
| Format: | Book |
| Published: |
Zagreb:
Central Bureau of Statistics of the Republic of Croatia,
1995.
|
| Subjects: |
| LEADER | 00531cam a2200169 7i4500 | ||
|---|---|---|---|
| 001 | 0000005687 | ||
| 005 | 19991025090000.0 | ||
| 002 | ##000007328 | ||
| 020 | 0 | 0 | |a T000005703 |
| 090 | 0 | 0 | |a STAT 314.4972 |b CEN (CROA) |
| 110 | 1 | 0 | |a Central Bureau of Statistics |
| 245 | 1 | 0 | |a Statistical information 1995. |
| 260 | 0 | 0 | |a Zagreb: |b Central Bureau of Statistics of the Republic of Croatia, |c 1995. |
| 300 | 0 | 0 | |a 46 p.. |
| 650 | 0 | 0 | |a Statistics -- |z Croatia |
| 651 | 0 | 0 | |a Croatia, Republic of |
| 999 | |a 0000007943 |b Book |c Open shelf |e Business Information Centre | ||